000 00925nam a2200217 a 4500
001 000027432
005 20240409122244.0
008 110331s1973 dr abc 000 0 spa d
040 _aDO-SdBNP
_bspa
_cBNPHU
082 _a972.9302
_bP979p
100 1 _aPuig Ortíz, José Augusto
_953284
245 1 0 _aPor la valorización histórica de las ruinas de la Isabela :
_bprimera ciudad del nuevo mundo /
_cJosé Augusto Puig Ortíz.
260 _aSanto Domingo :
_bDel Caribe,
_c1973.
300 _a111 p. :
_bil., mapas, retrs. ;
_c21 cm.
590 _aInventariado, 2020/VM
650 4 _aCiudades y pueblos
_zRepública Dominicana
_xHistoria
_98393
651 4 _aRepública Dominicana
_xHistoria
_ySIGLO XVI-XVIII
_954500
650 4 _aLa isabela (república dominicana)
_xHistoria
_ySIGLO XVI-XVIII
_954501
651 0 _aRepública Dominicana --
_xHistoria --
_yColonia, 1503-1844
_911397
910 _aValidado. Control de calidad EMS.
999 _c26924
_d26924